000 00331nam a2200133 i 4500
001 bg
100 1 _aSTEFAŃSKI, T.
245 0 _aTeoria sterowania.
_nT. 1,
_pModelowanie matematyczne... /
_cT. Stefański.
260 _aKielce,
_c1989.
040 _cBPK
041 _apol
942 _cKS
008 s pl f |000 0 pol
999 _c4002
_d4002
856 _uhttp://koha.tu.koszalin.pl/cgi-bin/koha/opac-detail.pl?biblionumber=4002
_yKatalog online BPK